| 000 | 00531nam a22001577a 4500 | ||
|---|---|---|---|
| 999 |
_c534064 _d534064 |
||
| 020 | _qHard Cover. | ||
| 082 | _a660.01 | ||
| 100 | _aFarrukh , Yumna Syeda | ||
| 245 |
_aIsolaton, Characterizaiton and Evaluation of Probiotic Potential of Lactobacillus Strains / _cSyeda Yumna Farrukh. |
||
| 260 |
_aIslamabad : _bASAB - NUST, _c2017. |
||
| 300 | _c30cm. | ||
| 942 |
_2ddc _cTHE |
||
| 650 |
_aHealthcare Biotechnology MS-Thesis _919254 |
||
| 700 |
_aDr. Rumeza Hanif. _928096 |
||